000 00334 a2200157 4500
001 72442
020 _a8526246038
040 _cAnchieta - Colégio São Paulo
100 _aAzevedo, Aluísio
240 1 0 _aO cortiço
_lpor
245 1 0 _aO cortiço
300 _a87
362 0 _a2004
650 4 _aLiteratura juvenil
942 _cBK
999 _c72442
_d72442